Vista normal
Vista MARC
Entrada Topical Term
Número de registros utilizados en: 1
001 - CONTROL NUMBER
- control field: 37618
003 - CONTROL NUMBER IDENTIFIER
- control field: OSt
005 - DATE AND TIME OF LATEST TRANSACTION
- control field: 20210513145635.0
008 - FIXED-LENGTH DATA ELEMENTS
- fixed length control field: 210513|| aca||aabn | a|a d
040 ## - CATALOGING SOURCE
- Original cataloging agency: OSt
- Transcribing agency: OSt
150 ## - HEADING--TOPICAL TERM
- Topical term or geographic name entry element: Diversidad biológica
- Geographic subdivision: Amazonas (Región, Colombia)
670 ## - SOURCE DATA FOUND
- Source citation: Work cat.: (OSt)7799: 15492, Amazonia : , 2013